Quentin Tarantino Movie Trivia - Statistics

General Stats
  • This quiz has been taken 506 times
  • The average score is 8 of 15
Answer Stats
Hint Answer % Correct
Which Tarantino movie opens with a scene at the airport? Jackie Brown
81%
Which Tarantino movie was his very first full-length feature film? Reservoir Dogs
77%
Which Tarantino movie featured the songs "Flowers on the Wall" and "Son of a Preacher Man"? Pulp Fiction
72%
Which Tarantino movie does Daryl Hannah appear in, where she uses a snake to kill someone? Kill Bill Vol. 2
68%
Which Tarantino movie partly takes place in France? Inglourious Basterds
66%
Which Tarantino movie features the songs "Stuck in the Middle With You" and "Fool For Love"? Reservoir Dogs
66%
Which Tarantino movie was really only half of a movie, the other half being directed by Robert Rodriguez? Death Proof
64%
Who played the character who owned the plantation named Candieland in Django Unchained Leonardo DiCaprio
58%
What was the Bride's code name in Kill Bill Vols. 1 and 2? Black Mamba
46%
Which Tarantino movie features this quote, "How does it feel to kill a man?" Pulp Fiction
46%
Which Tarantino movie did Harvey Keitel only talk over a phone in? Inglourious Basterds
43%
What actor played the Buddy Holly impersonator/waiter in Pulp Fiction? Steve Buscemi
37%
Which Tarantino movie featured Tarantino himself, as the voice on an answering machine? Jackie Brown
35%
Which movie featured characters who attend a Sonny Chiba triple feature? True Romance
14%
Who played the character of Texas Ranger Earl McGraw in 2 different Tarantino movies (From Dusk Til Dawn and Kill Bill Vol. 1 Michael Parks
9%
No matching quizzes found
Score Distribution
Percent of People with Each Score
Percentile by Number Answered
Your Score History
You have not taken this quiz